Computational catalysis / (Record no. 128070)

MARC details
000 -LEADER
fixed length control field 00869cam a22002657i 4500
008 - FIXED-LENGTH DATA ELEMENTS--GENERAL INFORMATION
fixed length control field
020 ## - INTERNATIONAL STANDARD BOOK NUMBER
International Standard Book Number 9781849734516 (hbk)
049 ## - LOCAL HOLDINGS (OCLC)
Holding library MAIN
090 ## - LOCALLY ASSIGNED LC-TYPE CALL NUMBER (OCLC); LOCAL CALL NUMBER (RLIN)
Classification number (OCLC) (R) ; Classification number, CALL (RLIN) (NR) QD505
Local cutter number (OCLC) ; Book number/undivided call number, CALL (RLIN) COM.
003 - CONTROL NUMBER IDENTIFIER
control field
005 - DATE AND TIME OF LATEST TRANSACTION
control field 20230123122120.0
040 ## - CATALOGING SOURCE
Transcribing agency NUST
245 00 - TITLE STATEMENT
Title Computational catalysis /
Statement of responsibility, etc. edited by Aravind Asthagiri [and] Michael J. Janik.
260 #1 - PUBLICATION, DISTRIBUTION, ETC.
Place of publication, distribution, etc. Cambridge, UK :
Name of publisher, distributor, etc. RSC Publishing,
Date of publication, distribution, etc. [2014]
300 ## - PHYSICAL DESCRIPTION
Extent x, 266 pages :
Other physical details illustrations (some col.) ;
Dimensions 24 cm.
440 1# - SERIES STATEMENT/ADDED ENTRY--TITLE
Title RSC catalysis series,
International Standard Serial Number 1757-6725 ;
Volume/sequential designation no. 14
500 ## - GENERAL NOTE
General note Includes index.
504 ## - BIBLIOGRAPHY, ETC. NOTE
Bibliography, etc. note Includes bibliographical references.
500 ## - GENERAL NOTE
General note Formerly CIP.
Institution to which field applies Uk
650 #0 - SUBJECT ADDED ENTRY--TOPICAL TERM
Topical term or geographic name entry element Catalysis
General subdivision Computer simulation.
700 1# - ADDED ENTRY--PERSONAL NAME
Personal name Asthagiri, Aravind.(ed.)
700 1# - ADDED ENTRY--PERSONAL NAME
Personal name Janik, Michael J.(ed.)
907 ## - LOCAL DATA ELEMENT G, LDG (RLIN)
a .b10350974
b 27-11-14
c 25-11-14
942 ## - ADDED ENTRY ELEMENTS (KOHA)
Koha item type Ordinary Loan Books
Call number prefix QD505
Call number suffix COM.
Holdings
Date last seen Total Checkouts Full call number Barcode Cost, replacement price Price effective from Koha item type Lost status Source of classification or shelving scheme Damaged status Not for loan Collection Withdrawn status Home library Current library Shelving location Date acquired Cost, normal purchase price
01/23/2023 8 QD505 COM 92004037196 80.00 01/23/2023 BOOKS   LCC     NFIC   MAIN MAIN GEN 01/23/2023 80.00